[Event "36th Zalakaros Festival 2017"]
[Site "Zalakaros"]
[Date "2017.05.22"]
[Round "5"]
[White "Chovan, Milan"]
[Black "Borsos, Bogdan"]
[Result "0-1"]
[WhiteElo "2288"]
[BlackElo "2321"]
[Annotator "NA"]
[PlyCount "68"]
[EventDate "2017.??.??"]
[EventType "swiss"]
[EventCountry "HUN"]
[SourceTitle "playchess.com"]
[Source "ChessBase"]
[SourceQuality "1"]
[TimeControl "40/5400+30:1800+30"]

1. c4 {[%emt 0:00:02]} e6 {[%emt 0:06:31]} 2. Nc3 {[%emt 0:00:09]} Bb4 {[%emt 0:00:21]} 3. Qb3 {[%emt 0:00:18]} a5 {[%emt 0:00:38]} 4. a3 {[%emt 0:00:11]} Be7 {[%emt 0:00:27]} 5. Nf3 {[%emt 0:02:05]} f5 {[%emt 0:00:21]} 6. d4 {[%emt 0:03:20]} Nf6 {[%emt 0:00:09]} 7. Bg5 {[%emt 0:05:21]} Ne4 {[%emt 0:02:33]} 8. Bxe7 {[%emt 0:00:26]} Qxe7 {[%emt 0:00:07]} 9. e3 {[%emt 0:05:01]} b6 {[%emt 0:00:28]} 10. Be2 {[%emt 0:09:18]} Bb7 {[%emt 0:00:17]} 11. c5 $14 {[%emt 0:01:27]} Nxc3 {[%emt 0:40:26]} 12. bxc3 {[%emt 0:00:35]} a4 {[%emt 0:00:35]} 13. Qb2 {[%emt 0:01:24]} O-O {[%emt 0:02:30]} 14. cxb6 {[%emt 0:00:59]} cxb6 {[%emt 0:00:10]} 15. Qxb6 {[%emt 0:00:30]} Be4 {[%emt 0:00:14]} 16. Qb4 {[%emt 0:10:15]} d6 {[%emt 0:00:08]} 17. O-O {[%emt 0:02:40]} Nc6 {[%emt 0:00:07]} 18. Qb2 {[%emt 0:02:14]} Rab8 {[%emt 0:15:11]} 19. Qa2 {[%emt 0:00:09]} Na5 {[%emt 0:03:04]} 20. Nd2 {[%emt 0:00:42]} Nb3 {[%emt 0:00:51]} 21. Rad1 {[%emt 0:03:29]} Nxd2 {[%emt 0:05:37]} 22. Rxd2 {[%emt 0:00:52]} Rb3 {[%emt 0:02:35]} 23. c4 {[%emt 0:13:32]} Qg5 {[%emt 0:04:32]} 24. g3 {[%emt 0:00:41]} Qh6 {[%emt 0:01:56]} 25. Bd1 {[%emt 0:00:59]} Rfb8 {[%emt 0:02:28]} 26. Bxb3 {[%emt 0:03:23]} axb3 {[%emt 0:00:22]} 27. Qb2 {[%emt 0:01:49]} Bf3 {[%emt 0:00:11]} 28. h4 {[%emt 0:00:30]} Qh5 {[%emt 0:01:04]} 29. Rd3 {[%emt 0:04:04]} Be4 {[%emt 0:00:43]} 30. Rxb3 {[%emt 0:05:40]} Rxb3 {[%emt 0:01:27]} 31. Qxb3 {[%emt 0:00:02]} Qf3 {[%emt 0:00:12]} 32. Qb8+ {[%emt 0:00:06]} Kf7 {[%emt 0:00:13]} 33. Qc7+ {[%emt 0:00:17]} Kg6 {[%emt 0:00:14]} 34. h5+ {[%emt 0:00:08]} Kh6 {[%emt 0:00:10]} 0-1

[Event "36th Zalakaros Festival 2017"]
[Site "Zalakaros"]
[Date "2017.05.22"]
[Round "5"]
[White "Marosi, Levente"]
[Black "Rapport, Jovana"]
[Result "1/2-1/2"]
[WhiteElo "2286"]
[BlackElo "2334"]
[Annotator "TA"]
[PlyCount "120"]
[EventDate "2017.??.??"]
[EventType "swiss"]
[EventCountry "HUN"]
[SourceTitle "playchess.com"]
[Source "ChessBase"]
[SourceQuality "1"]

{[%evp 9,120,25,63,59,64,70,62,83,78,77,79,72,76,85,78,66,64,64,71,76,71,72,125,133,132,121,129,123,145,145,145,145,141,91,88,84,94,91,91,86,91,73,64,29,29,7,5,0,87,80,52,-14,-29,-47,0,-24,0,-3,30,22,41,12,31,2,12,4,58,29,33,0,0,0,0,0,0,0,0,0,0,0,0,0,0,0,0,0,0,0,0,0,0,0,0,0,0,0,0,0,0,0,0,0,0,0,0,-8,0,0,0,0,0,0,0]} 1. e4 g6 2. d4 Nf6 3. e5 Nh5 4. Be2 d6 5. exd6 Qxd6 {LiveBook: 10 Games} 6. Na3 {B06: Modern Defence} (6. Bf3 Nc6 7. Ne2 e5 8. d5 Ne7 9. O-O Bg7 10. c4 O-O 11. Nbc3 Nf6 12. Ng3 Nf5 13. Nxf5 Bxf5 {½-½ (42) Leko,P (2731)-Nepomniachtchi,I (2714) Sochi 2014}) 6... Bg7 7. c3 Nf6 8. Nf3 $146 {White is slightly better.} ({Predecessor:} 8. Nc4 Qd8 9. Nf3 Bf5 10. Qb3 Be4 11. Nce5 O-O 12. O-O a5 {1-0 (34) Brunello,S (2497)-Andersen,J (2348) Skanderborg 2010}) 8... a6 9. Nc4 Qd8 10. O-O O-O 11. Re1 Nbd7 12. a4 b6 13. Nfe5 Nxe5 14. Nxe5 {Bf3 is the strong threat.} Bb7 15. Bf3 $36 {[%mdl 2048] Black is under strong pressure.} Bd5 (15... Bxf3 $142 16. Qxf3 (16. Nxf3 e6 $14) 16... e6) 16. Nc6 $16 Bxc6 17. Bxc6 Ra7 18. b3 Nd7 19. Ba3 Bf6 20. Qf3 Nb8 21. Re3 Nxc6 22. Qxc6 Qe8 23. Qf3 c6 24. Rae1 {[#] aiming for Qxf6!} Qd7 25. h4 Rc8 26. a5 (26. Bxe7 $5 Bxe7 27. Rxe7 Qxe7 28. Rxe7 Rxe7 29. h5 $16) 26... bxa5 27. h5 (27. Bxe7 $5 Bxe7 28. Rxe7 Qxe7 29. Rxe7 Rxe7 30. h5 $14) 27... Qd8 $1 28. Qg4 Rcc7 (28... Rb8 $11) 29. Bc5 {[%mdl 1024] White has strong compensation.} Rab7 30. Ra1 (30. Qf4 $14 e6 31. hxg6 hxg6 32. Rh3) 30... Rd7 $11 31. Qe2 Rb5 32. Qf3 Rc7 33. Rae1 e6 ({Don't take} 33... Rxb3 $2 {[#]} 34. Qxf6 $1 {[%mdl 512]} Qf8 35. Bxe7 $18) (33... Bg5 $5 {[%cal Rg5e3]} 34. Re5 e6 $11) 34. c4 Rbb7 35. Qe4 Bg7 36. Ra1 Rd7 {[%cal Rg7d4]} 37. Rd3 ({But not} 37. Qxc6 $2 Rbc7 $19) 37... Qc7 ({Black should try} 37... Rb8 $11) 38. Qe1 Qb8 39. Qxa5 (39. g3 {feels hotter.} e5 40. Kg2 exd4 41. Rxa5 Bf8 42. Bxf8 Qxf8 43. Qe5) 39... Rxb3 {The position is equal.} 40. Rxb3 Qxb3 41. Qxa6 {White wants to mate with Qc8+.} Rd8 $1 42. Qxc6 {Strongly threatening g3.} Qxc4 43. Ra8 Qc1+ 44. Kh2 Qg5 45. hxg6 hxg6 46. Rxd8+ (46. g3 {looks sharper.} Qh5+ 47. Kg2 Rxa8 48. Qxa8+ Kh7 49. Qf3) 46... Qxd8 47. Qe4 Qg5 48. g3 Qf5 49. Qa8+ Kh7 50. Kg2 g5 51. Qf3 Kg6 52. g4 Qxf3+ 53. Kxf3 {[%mdl 4096] Endgame KB-KB} f5 54. Kg3 Kf6 55. f4 Bh6 56. fxg5+ Bxg5 57. gxf5 exf5 58. Bd6 $1 Ke6 59. Be5 Kd5 60. Kf3 Ke6 {Precision: White = 67%, Black = 57%.} 1/2-1/2

[Event "36th Zalakaros Festival 2017"]
[Site "Zalakaros"]
[Date "2017.05.22"]
[Round "5"]
[White "Krstulovic, Alex"]
[Black "Pultorak, Jan"]
[Result "1/2-1/2"]
[WhiteElo "2280"]
[BlackElo "2303"]
[Annotator "NA"]
[PlyCount "74"]
[EventDate "2017.??.??"]
[EventType "swiss"]
[EventCountry "HUN"]
[SourceTitle "playchess.com"]
[Source "ChessBase"]
[SourceQuality "1"]
[TimeControl "40/5400+30:1800+30"]

1. d4 {[%emt 0:00:03]} Nf6 {[%emt 0:00:33]} 2. c4 {[%emt 0:00:04]} e6 {[%emt 0:00:02]} 3. Nf3 {[%emt 0:00:17]} b6 {[%emt 0:00:15]} 4. g3 {[%emt 0:00:05]} Ba6 {[%emt 0:00:18]} 5. Qc2 {[%emt 0:00:18]} Bb7 {[%emt 0:00:25]} 6. Bg2 {[%emt 0:00:06]} c5 {[%emt 0:00:39]} 7. d5 {[%emt 0:00:10]} exd5 {[%emt 0:00:54]} 8. cxd5 {[%emt 0:00:06]} Nxd5 {[%emt 0:01:19]} 9. O-O {[%emt 0:00:45]} Be7 {[%emt 0:02:16]} 10. Rd1 {[%emt 0:00:10]} Qc8 {[%emt 0:02:12]} 11. a3 {[%emt 0:02:06]} Nf6 {[%emt 0:11:25]} 12. Nc3 {[%emt 0:05:31]} O-O {[%emt 0:09:31]} 13. e4 {[%emt 0:03:42]} d6 $11 {[%emt 0:03:08]} 14. Bf4 {[%emt 0:01:52]} Re8 {[%emt 0:02:41]} 15. Nh4 {[%emt 0:17:05]} Nh5 {[%emt 0:08:26]} 16. Nf5 {[%emt 0:00:09]} Nxf4 {[%emt 0:00:33]} 17. gxf4 {[%emt 0:00:05]} Nc6 {[%emt 0:21:04]} 18. Nb5 {[%emt 0:20:44]} Nd4 {[%emt 0:02:25]} 19. Nbxd4 {[%emt 0:01:47]} cxd4 {[%emt 0:00:03]} 20. Qxc8 Raxc8 {[%emt 0:00:16]} 21. Nxe7+ {[%emt 0:01:42]} Rxe7 {[%emt 0:00:01]} 22. Rxd4 {[%emt 0:00:12]} Rce8 {[%emt 0:10:42]} 23. f3 {[%emt 0:13:47]} f5 {[%emt 0:02:28]} 24. exf5 {[%emt 0:03:44]} d5 {[%emt 0:00:23]} 25. Bf1 {[%emt 0:01:03]} Re1 {[%emt 0:01:19]} 26. Rxe1 {[%emt 0:00:36]} Rxe1 {[%emt 0:00:01]} 27. Kf2 {[%emt 0:00:40]} Rc1 {[%emt 0:00:10]} 28. Rd2 {[%emt 0:01:21]} Kf7 {[%emt 0:00:56]} 29. Bb5 {[%emt 0:06:39]} Kf6 {[%emt 0:01:56]} 30. Bd3 {[%emt 0:01:29]} Bc8 {[%emt 0:01:34]} 31. Kg3 {[%emt 0:00:35]} Rg1+ {[%emt 0:00:41]} 32. Kf2 {[%emt 0:00:07]} Rc1 {[%emt 0:00:07]} 33. Kg3 {[%emt 0:00:05]} Rc6 {[%emt 0:07:56]} 34. Re2 {[%emt 0:02:02]} Bxf5 {[%emt 0:06:10]} 35. Bxf5 {[%emt 0:00:08]} Kxf5 {[%emt 0:00:02]} 36. Re5+ {[%emt 0:00:08]} Kf6 {[%emt 0:00:01]} 37. Rxd5 {[%emt 0:00:05]} Rc2 {[%emt 0:00:14]} 1/2-1/2

[Event "36th Zalakaros Festival 2017"]
[Site "Zalakaros"]
[Date "2017.05.22"]
[Round "5"]
[White "Banzea, Alexandru-Bogdan"]
[Black "Hnydiuk, Aleksander"]
[Result "1/2-1/2"]
[WhiteElo "2278"]
[BlackElo "2390"]
[Annotator "NA"]
[PlyCount "70"]
[EventDate "2017.??.??"]
[EventType "swiss"]
[EventCountry "HUN"]
[SourceTitle "playchess.com"]
[Source "ChessBase"]
[SourceQuality "1"]
[TimeControl "40/5400+30:1800+30"]

1. e4 {[%emt 0:07:50]} c5 {[%emt 0:00:39]} 2. Nf3 {[%emt 0:01:01]} d6 {[%emt 0:00:04]} 3. Bb5+ {[%emt 0:01:12]} Bd7 {[%emt 0:00:03]} 4. Bxd7+ {[%emt 0:00:16]} Qxd7 {[%emt 0:00:02]} 5. c4 {[%emt 0:00:33]} Nf6 {[%emt 0:00:08]} 6. Nc3 {[%emt 0:00:22]} g6 {[%emt 0:00:03]} 7. d4 {[%emt 0:00:11]} cxd4 {[%emt 0:00:02]} 8. Nxd4 {[%emt 0:00:12]} Bg7 {[%emt 0:00:03]} 9. f3 {[%emt 0:00:17]} O-O {[%emt 0:00:03]} 10. Be3 {[%emt 0:00:13]} Rc8 {[%emt 0:00:05]} 11. b3 {[%emt 0:00:09]} a6 {[%emt 0:00:43]} 12. Qd2 {[%emt 0:00:39]} Nc6 {[%emt 0:02:44]} 13. a4 {[%emt 0:04:06]} e6 {[%emt 0:00:06]} 14. a5 {[%emt 0:20:22] [#]} (14. O-O $11) 14... d5 $1 {[%emt 0:13:37]} 15. Na4 $17 {[%emt 0:04:28]} ({White should play} 15. cxd5 exd5 16. Na4) 15... Nxd4 {[%emt 0:03:37]} 16. Bxd4 {[%emt 0:00:21]} dxc4 {[%emt 0:00:54]} 17. Rd1 {[%emt 0:08:23]} e5 {[%emt 0:18:32]} 18. Be3 {[%emt 0:21:08]} Qxd2+ {[%emt 0:02:13]} 19. Bxd2 {[%emt 0:00:34]} Rab8 {[%emt 0:11:02]} 20. Nb6 {[%emt 0:02:55]} c3 {[%emt 0:00:50]} 21. Bg5 {[%emt 0:01:41]} Rc5 {[%emt 0:14:50]} 22. Bxf6 {[%emt 0:03:26]} c2 {[%emt 0:01:13]} 23. Rc1 {[%emt 0:02:26]} Bxf6 {[%emt 0:00:30]} 24. Nc4 {[%emt 0:00:25]} Rbc8 {[%emt 0:06:21]} 25. O-O {[%emt 0:03:24]} Bg5 {[%emt 0:13:27]} 26. Rxc2 {[%emt 0:00:46]} Rxa5 {[%emt 0:00:05]} 27. Nxa5 {[%emt 0:00:52]} Rxc2 {[%emt 0:00:03]} 28. Nxb7 {[%emt 0:00:33]} Rb2 {[%emt 0:02:43]} 29. Na5 {[%emt 0:01:12]} Be3+ {[%emt 0:01:21]} 30. Kh1 {[%emt 0:00:09]} Bd4 {[%emt 0:00:53]} 31. h4 {[%emt 0:04:10]} Bc3 {[%emt 0:00:15]} 32. Ra1 {[%emt 0:00:20]} Kg7 {[%emt 0:08:29]} 33. Nc4 {[%emt 0:01:11]} Rxb3 {[%emt 0:00:44]} 34. Rxa6 {[%emt 0:00:17]} Be1 {[%emt 0:00:16]} 35. Kh2 {[%emt 0:00:42]} Bxh4 {[%emt 0:00:20]} 1/2-1/2

[Event "36th Zalakaros Festival 2017"]
[Site "Zalakaros"]
[Date "2017.05.22"]
[Round "5"]
[White "Rigo, Janos"]
[Black "Lazarne Vajda, Szidonia"]
[Result "1/2-1/2"]
[WhiteElo "2236"]
[BlackElo "2357"]
[Annotator "TA"]
[PlyCount "27"]
[EventDate "2017.??.??"]
[EventType "swiss"]
[EventCountry "HUN"]
[SourceTitle "playchess.com"]
[Source "ChessBase"]
[SourceQuality "1"]

{[%evp 11,27,23,42,4,6,-23,-20,-30,6,-9,-4,-16,37,32,40,32,39,32]} 1. e4 e5 2. Nf3 Nc6 3. Bb5 a6 4. Ba4 Nf6 5. d3 d6 6. c3 Bd7 {LiveBook: 115 Games} 7. Bg5 {[%cal Bc1g5,Bg5h4,Bh4g3][%mdl 32] C77: Ruy Lopez: 3...a6 4 Ba4 Nf6, unusual lines} (7. O-O g6 8. Re1 Bg7 9. Nbd2 O-O 10. Nf1 h6 11. Ng3 Qe8 12. h3 Nd8 13. Bb3 c5 14. d4 b5 15. dxe5 dxe5 16. Qd6 c4 17. Bc2 Nh7 18. b3 {½-½ (40) Stefansson,H (2602)-Ipatov,A (2624) Reykjavik 2015}) 7... h6 8. Bh4 g5 9. Bg3 $1 {The position is equal.} Bg7 $146 ({Predecessor:} 9... Ne7 10. Nbd2 Ng6 11. Bc2 Qe7 12. d4 Nf4 13. Bxf4 exf4 14. O-O O-O-O {1-0 (27) Castellano,A (1351)-Murphy,J (1363) LSS email 2008}) 10. Nbd2 {[%cal Bb1d2,Bd2f1,Bf1e3][%mdl 32]} Qe7 11. Nf1 b5 ({Better is} 11... O-O-O $11) 12. Bb3 {White is slightly better.} Na5 13. Bc2 c5 14. Ne3 1/2-1/2

[Event "36th Zalakaros Festival 2017"]
[Site "Zalakaros"]
[Date "2017.05.22"]
[Round "5"]
[White "Czupor, Attila"]
[Black "Terbe, Julianna"]
[Result "0-1"]
[WhiteElo "2230"]
[BlackElo "2258"]
[Annotator "TA"]
[PlyCount "102"]
[EventDate "2017.??.??"]
[EventType "swiss"]
[EventCountry "HUN"]
[SourceTitle "playchess.com"]
[Source "ChessBase"]
[SourceQuality "1"]

{[%evp 24,101,7,-8,1,-9,-9,-9,-7,-8,-4,-14,0,-6,0,-31,-25,-137,-108,-111,-126,-133,-135,-131,-129,-114,-60,-79,-100,-100,-102,-135,-124,-145,-93,-102,-98,-129,-108,-241,-223,-214,-89,-94,-65,-93,-64,-85,-56,-57,-45,-50,-33,-64,-56,-943,-918,-859,-843,-730,126,115,101,125,157,157,157,150,150,-608,-606,-577,-561,-525,-531,-509,-489,-665,-45,-29999]} 1. e4 e5 2. Nf3 Nc6 3. Bb5 a6 4. Ba4 Nf6 5. O-O Be7 6. Re1 b5 7. Bb3 d6 8. c3 O-O 9. d4 Bg4 10. Be3 exd4 11. cxd4 Na5 12. Bc2 c5 13. h3 Bh5 {C91: Closed Ruy Lopez: 7...d6 8 c3 0-0 9 d4} 14. Nbd2 cxd4 15. Bxd4 Nc6 {[%cal Ba5c6,Bc6e5,Be5c4][%mdl 32] The position is equal.} 16. Be3 (16. Bc3 Rc8 17. a3 Nd7 18. Nf1 Bf6 19. Ng3 Bxf3 20. Qxf3 Nd4 21. Qd1 Nxc2 22. Qxc2 Bxc3 23. bxc3 Qf6 24. Qd2 Ne5 25. Red1 Nc4 26. Qd4 Qxd4 27. Rxd4 g6 {½-½ (27) Nguyen,N (2634)-Tomashevsky,E (2758) Baku 2015}) 16... d5 17. g4 {exd5 is the strong threat.} Bg6 {[%cal Rf6e4]} 18. e5 Ne4 19. Nb3 Rc8 $146 ({Predecessor:} 19... f6 20. Nbd4 Nxd4 21. Nxd4 Qd7 22. e6 Qb7 23. Nf5 {½-½ (98) Kosten,A (2458)-Weaving,R (2196) Torquay 2013}) 20. Nfd4 (20. Rc1 $11 {remains equal.}) 20... Nxe5 $17 {aiming for ...Bd6.} 21. f4 Nc4 $36 {[%mdl 2048] Strongly threatening ...Bh4. Keeping White busy.} 22. f5 Bh4 ({Reject} 22... Nxb2 $6 23. Qe2 $11) 23. Bxe4 Bxe1 24. Qxe1 Re8 ({Better is} 24... dxe4 $17 25. fxg6 hxg6) 25. Nd2 Nxe3 26. Qxe3 dxe4 27. fxg6 hxg6 28. Nf1 Rc4 (28... Qd6 $142 {White must now prevent ...Red8.} 29. Ng3 Qb4) 29. Rd1 {[%cal Ba1d1,Bd1d2,Bd2a2][%mdl 32]} b4 30. Ng3 Qa5 $1 31. Qb3 (31. Nxe4 $17 {was called for.} Qe5 32. Qd3 (32. b3 $2 Rc3 $19) 32... Rxd4 33. Qxd4 Qxe4 34. Qxe4 Rxe4 35. Kf2) 31... Qc5 $1 $19 32. Qe3 a5 (32... Rd8 $1 $19 {[%cal Rd8d4]} 33. Nge2 Rc2 $1 {[%mdl 512]}) 33. Nge2 Qe5 34. Rd2 a4 35. b3 axb3 36. axb3 Rc7 37. Ra2 Rec8 38. Ra4 {[#]} Rc3 $1 {[%mdl 512]} 39. Nxc3 $4 {[%mdl 8192]} (39. Qf4 $15 Qd5 40. Rxb4 Rxh3 41. Rb5) 39... Rxc3 40. Qf2 Rg3+ $1 41. Kf1 f6 $2 (41... Rxh3 $19 42. Ra6 Rh1+ 43. Ke2 Rh2 44. Qxh2 Qxh2+ 45. Ke3 f5 $1 {[%mdl 512]} 46. gxf5 gxf5 47. Nxf5 Qg1+ 48. Kxe4 Qg4+ 49. Ke3 Qxf5 50. Ra8+ Kh7) 42. Ra8+ $16 ({But not} 42. Rxb4 $2 Rxh3 43. Ke1 Rh1+ 44. Ke2 Rh2 $19) 42... Kh7 43. Re8 $1 {[%cal Re8e5]} Qd6 {Hoping for ...Qa6+.} 44. Re6 Qc7 45. Rxe4 ({Weaker is} 45. Rc6 Qb8 $11) 45... Rxh3 46. Kg1 $2 (46. Qf4 $16 Qc8 47. Re2) 46... Qc1+ $1 $19 47. Qe1 {[#]} Qh6 $1 48. Kg2 {And now Nf3 would win.} Rh2+ 49. Kf3 Qh3+ 50. Kf4 {[#]} Rg2 $2 ({Black should try} 50... Rh1 $1 $19 51. Re3 g5+ 52. Kf5 Qg2 53. Qxh1+ Qxh1) 51. Qd1 $2 {[%mdl 8192]} (51. Nf3 $15) 51... Qg3# {Precision: White = 28%, Black = 71%.} 0-1

[Event "36th Zalakaros Festival 2017"]
[Site "Zalakaros"]
[Date "2017.05.22"]
[Round "5"]
[White "Szalanczy, Emil"]
[Black "Hradeczky, Tamas"]
[Result "1-0"]
[WhiteElo "2230"]
[BlackElo "2146"]
[Annotator "TA"]
[PlyCount "135"]
[EventDate "2017.??.??"]
[EventType "swiss"]
[EventCountry "HUN"]
[SourceTitle "playchess.com"]
[Source "ChessBase"]
[SourceQuality "1"]

{[%evp 11,135,47,66,29,45,7,16,-25,21,23,31,39,36,35,45,31,44,45,47,38,31,31,30,-17,46,0,46,36,79,21,58,49,86,59,70,64,73,32,68,0,0,-38,-15,-60,-65,-379,-7,-13,199,238,235,231,227,239,222,242,225,218,275,265,297,281,335,316,374,385,353,314,383,383,381,368,452,425,429,444,459,442,437,414,391,251,251,240,207,132,132,132,132,104,104,104,99,99,372,372,380,380,380,380,512,512,512,471,512,497,429,414,414,414,733,682,584,400,400,0,5065,5065,5155,5088,5073,5072,29950,5065,5065,5065]} 1. e4 Nf6 2. e5 Nd5 3. d4 d6 4. Nf3 dxe5 5. Nxe5 g6 6. Bc4 Be6 7. Qf3 {aiming for Nc3. B04: Alekhine's Defence: 4 Nf3} (7. O-O Bg7 8. Re1 O-O 9. Nd2 Nd7 10. Nef3 N7f6 11. Rxe6 fxe6 12. Ng5 Qd6 13. Qe1 b5 14. Bb3 a5 15. a4 bxa4 16. Nc4 {1-0 (31) Grischuk,A (2736)-Riazantsev,A (2661) Moscow 2009}) 7... c6 8. Nc3 {[%cal Bb1c3,Bc3e4,Be4c5,Bc5d3,Bd3f4][%mdl 32] [#] And now Nxd5 would win.} Bg7 9. Ne4 {The position is equal.} (9. O-O {keeps more tension.} Nd7 10. Re1 O-O 11. Bg5 Nxe5 12. dxe5 h6 13. Bh4) 9... O-O (9... Qb6 $5 {[%cal Rb6d4]} 10. Qe2 Qxd4 $11) 10. O-O Nd7 11. Nxd7 Bxd7 12. c3 Qc7 $146 ({Predecessor:} 12... b5 13. Bb3 a5 14. Nc5 Bf5 15. a4 b4 16. Bg5 bxc3 17. bxc3 Rb8 {1-0 (42) Van Riemsdijk,H (2397)-Baeta,M (2147) Joao Pessoa 2012}) 13. Nc5 b6 14. Nd3 Bf5 15. Nf4 Nf6 16. Re1 Rae8 17. Bd2 b5 ({Black should try} 17... e5 $11 18. dxe5 Ng4) 18. Bf1 a6 19. h3 Bc8 20. Qg3 (20. Nd3 $16) 20... Qd8 21. Rad1 Kh8 22. Bc1 Nd5 23. Nd3 Qd6 24. f4 a5 25. Kh2 (25. Qf2 $14) 25... Bf5 26. Nc5 Bh6 27. Re5 f6 28. Rde1 $2 {[%mdl 8192]} (28. Ree1 $15) 28... Nxf4 $2 (28... fxe5 $19 29. fxe5 {[#]} Bxc1 $1 {[%mdl 512]} 30. Rxc1 Qd8) 29. Ne4 $11 fxe5 $2 (29... Bxe4 $11 {and Black stays safe.} 30. R5xe4 g5) 30. Nxd6 $18 exd6 31. Qh4 Bg7 32. Bxf4 exf4 33. Rxe8 Rxe8 34. Qxf4 Rd8 35. Be2 b4 36. Bg4 Bxg4 37. Qxg4 ({But not} 37. hxg4 bxc3 38. bxc3 c5) 37... bxc3 38. bxc3 {[%mdl 4096] Endgame KQ-KRB} c5 39. h4 cxd4 40. cxd4 Bf6 41. Kh3 a4 42. Qf4 Kg7 43. g4 h6 44. g5 hxg5 45. hxg5 Be7 46. d5 Rh8+ 47. Kg2 Rh5 48. Qxa4 Rxg5+ 49. Kf3 {Qb5 is the strong threat.} Rxd5 50. Qd7 Rf5+ 51. Ke4 {[%mdl 1024] White has strong compensation.} Kf6 52. a4 d5+ $2 {[%mdl 8192]} (52... Re5+ $16 53. Kd3 Rd5+ 54. Kc3 Rc5+ 55. Kb3 g5) 53. Kd3 Bb4 54. Qc6+ Kg5 55. Qb6 Be7 56. Qe3+ Kf6 57. Qd4+ Ke6 58. a5 Rf3+ 59. Kc2 Ra3 60. Qb6+ Kd7 (60... Kf7 $142 61. a6 Bc5 62. Qxc5 Rxa6 63. Qxd5+ Re6 64. Qf3+ Rf6 65. Qb7+ Ke6 66. Qc8+ Ke5) 61. Kb2 Bd6 62. Qb7+ Ke6 63. Qb6 $2 ({White should play} 63. a6 $18) 63... d4 $2 {[%mdl 8192]} (63... Kd7 $11 64. a6 Bc5 65. Qxc5 Rxa6 66. Qxd5+ Rd6 67. Qf7+ Kc6) 64. a6 {[%cal Ba5a6,Ba6a7][%mdl 32]} d3 65. a7 d2 66. Kc2 Rc3+ 67. Kxd2 (67. Kxc3 $142 d1=Q 68. Qb3+ (68. a8=Q Qc1+ 69. Kd3 Qd1+ 70. Kc3 Qc1+ 71. Kd3 Qd1+ 72. Kc3 $11) 68... Qxb3+ 69. Kxb3 Bf4 70. a8=Q Kf5 71. Qd5+ Kg4 72. Qd1+ Kh4 73. Qh1+ Kg5 74. Kc4) 67... Ra3 68. Kc2 {Precision: White = 51%, Black = 33%.} 1-0

[Event "36th Zalakaros Festival 2017"]
[Site "Zalakaros"]
[Date "2017.05.22"]
[Round "5"]
[White "Pujari, Rucha"]
[Black "Tica, Sven"]
[Result "1/2-1/2"]
[WhiteElo "2203"]
[BlackElo "2332"]
[Annotator "NA"]
[PlyCount "82"]
[EventDate "2017.??.??"]
[EventType "swiss"]
[EventCountry "HUN"]
[SourceTitle "playchess.com"]
[Source "ChessBase"]
[SourceQuality "1"]
[TimeControl "40/5400+30:1800+30"]

1. d4 {[%emt 0:01:46]} Nf6 {[%emt 0:00:37]} 2. c4 {[%emt 0:00:15]} e6 {[%emt 0:00:04]} 3. Nf3 {[%emt 0:00:06]} b6 {[%emt 0:00:04]} 4. g3 {[%emt 0:02:07]} Bb4+ {[%emt 0:00:05]} 5. Bd2 {[%emt 0:01:43]} Be7 {[%emt 0:00:05]} 6. Bg2 {[%emt 0:01:25]} c6 {[%emt 0:00:04]} 7. O-O {[%emt 0:00:48]} d5 {[%emt 0:00:03]} 8. cxd5 {[%emt 0:08:59]} cxd5 {[%emt 0:01:33]} 9. Ne5 {[%emt 0:05:27]} O-O {[%emt 0:02:16]} 10. Nc3 {[%emt 0:00:26]} Bb7 {[%emt 0:01:27]} 11. Rc1 {[%emt 0:02:44]} Nbd7 {[%emt 0:04:20]} 12. Bf4 $11 {[%emt 0:02:09]} a6 {[%emt 0:04:42]} 13. Na4 {[%emt 0:03:49]} Rc8 {[%emt 0:02:55]} 14. Rxc8 {[%emt 0:14:20]} Qxc8 {[%emt 0:00:21]} 15. b4 {[%emt 0:01:30]} Bxb4 {[%emt 0:10:52]} 16. Qb3 {[%emt 0:00:29]} Ba5 {[%emt 0:00:55]} 17. Rc1 {[%emt 0:09:06]} Qa8 {[%emt 0:02:02]} 18. Rc7 {[%emt 0:18:08]} b5 {[%emt 0:11:57]} 19. Nxd7 {[%emt 0:01:13]} Bxc7 {[%emt 0:00:07]} 20. Nxf6+ {[%emt 0:00:48]} gxf6 {[%emt 0:00:06]} 21. Nc5 {[%emt 0:00:15]} Bb6 {[%emt 0:04:45]} 22. Bh6 {[%emt 0:12:08]} Bxc5 {[%emt 0:05:13]} 23. dxc5 {[%emt 0:00:42]} d4 {[%emt 0:05:25]} 24. Bxb7 {[%emt 0:06:27]} Qxb7 {[%emt 0:00:03]} 25. Bxf8 {[%emt 0:00:06]} Kxf8 {[%emt 0:00:03]} 26. Qb4 {[%emt 0:00:52]} Qd5 {[%emt 0:00:25]} 27. c6+ {[%emt 0:03:57]} Ke8 {[%emt 0:00:04]} 28. c7 {[%emt 0:00:42]} Kd7 {[%emt 0:00:04]} 29. Qf8 {[%emt 0:01:06]} Kxc7 {[%emt 0:00:05]} 30. Qxf7+ {[%emt 0:00:07]} Kc6 {[%emt 0:00:16]} 31. a3 {[%emt 0:00:57]} Qf5 {[%emt 0:02:50]} 32. Qa7 {[%emt 0:00:46]} Qb1+ {[%emt 0:00:07]} 33. Kg2 {[%emt 0:00:03]} Qe4+ {[%emt 0:00:05]} 34. Kg1 {[%emt 0:00:24]} Qxe2 {[%emt 0:00:20]} 35. Qxd4 {[%emt 0:00:06]} Qe1+ {[%emt 0:00:54]} 36. Kg2 {[%emt 0:00:02]} Qe5 {[%emt 0:00:07]} 37. Qa7 {[%emt 0:00:34]} Qe4+ {[%emt 0:01:54]} 38. Kh3 {[%emt 0:00:08]} Qf5+ {[%emt 0:09:59]} 39. Kg2 {[%emt 0:00:02]} Qe4+ {[%emt 0:02:45]} 40. Kh3 {[%emt 0:00:00]} Qf5+ {[%emt 0:07:17]} 41. Kg2 {[%emt 0:00:08]} Qe4+ {[%emt 0:00:11]} 1/2-1/2